| 000 | 00965cam a2200193 4500500 | ||
|---|---|---|---|
| 005 | 20251228065552.0 | ||
| 041 | _afre | ||
| 042 | _adc | ||
| 100 | 1 | 0 |
_aClément, Philippe _eauthor |
| 245 | 0 | 0 | _aUn déficit de pensée |
| 260 | _c2020. | ||
| 500 | _a52 | ||
| 520 | _aSous couvert de pragmatisme scientifique, la psychiatrie a perdu sa capacité à s’interroger sur le sens de la folie, sa dimension anthropologique. En parallèle, l’asile d’aliénés tant décrié a été remplacé par un asile aseptisé qui contribue à une déshumanisation par le biais de pratiques « protocolisées » et d’une amplification des formes de contrainte. | ||
| 690 | _adéshumanisation | ||
| 690 | _aMédicalisation | ||
| 690 | _aperte de sens | ||
| 786 | 0 | _nVST - Vie sociale et traitements | 145 | 1 | 2020-02-11 | p. 17-19 | 0396-8669 | |
| 856 | 4 | 1 | _uhttps://shs.cairn.info/revue-vie-sociale-et-traitements-2020-1-page-17?lang=fr&redirect-ssocas=7080 |
| 999 |
_c1591785 _d1591785 |
||